[Event "DEM U10 2005"]
[Site "Willingen GER"]
[Date "2005.05.19"]
[Round "8"]
[White "Xu, Xianliang"]
[Black "Kaphle, Sebastian"]
[Result "0-1"]
[Termination "normal"]
[Board "1"]
[WhiteElo "1370"]
[BlackElo "1824"]
[PlyCount "88"]
[WhiteFideId "4603230"]
[BlackFideId "24626708"]
[EventCountry "GER"]
[EventRounds "11"]
[EventType "swiss"]
[EventDate "2005.05.15"]

1. c4 Nf6 2. g3 g6 3. Bg2 Bg7 4. Nf3 O-O 5. O-O Nc6 6. Nc3 e5 7. d3 d6 8. Rb1
Nh5 9. b4 f5 10. b5 Ne7 11. Bb2 h6 12. e3 Nf6 13. Qe2 g5 14. a4 Ng6 15. Bc1 Re8
16. Rd1 f4 17. a5 g4 18. Ne1 f3 19. Nxf3 gxf3 20. Bxf3 Rb8 21. Bd2 Rf8 22. Qe1
Nh7 23. Bg2 Bg4 24. Rdc1 Ng5 25. f4 exf4 26. exf4 Bd4+ 27. Kh1 Re8 28. Qf1 Nf7
29. Re1 Rxe1 30. Rxe1 Qd7 31. Nd1 Qf5 32. Be4 Qh5 33. Bg2 Rf8 34. Nf2 Nfe5 35.
Bd5+ Kg7 36. Bg2 Nf3 37. Bxf3 Bxf3+ 38. Kg1 Nxf4 39. Bxf4 Rxf4 40. Re7+ Kf8 41.
Re2 Bxe2 42. Qxe2 Qxe2 43. Kg2 Rxf2+ 44. Kh3 Rxh2# 0-1

[Event "DEM U10 2005"]
[Site "Willingen GER"]
[Date "2005.05.19"]
[Round "8"]
[White "Osmanodja, Filiz"]
[Black "Stahnecker, Ludwig"]
[Result "1-0"]
[Termination "normal"]
[Board "2"]
[WhiteElo "1518"]
[BlackElo "1307"]
[PlyCount "105"]
[WhiteFideId "24633569"]
[BlackFideId "24692026"]
[EventCountry "GER"]
[EventRounds "11"]
[EventType "swiss"]
[EventDate "2005.05.15"]

1. e4 c5 2. Nf3 e6 3. d4 cxd4 4. Nxd4 Nf6 5. Nc3 Nc6 6. Nxc6 bxc6 7. e5 Nd5 8.
Ne4 Qc7 9. f4 Qb6 10. g3 Rb8 11. b3 Bb4+ 12. Bd2 Ne3 13. Qc1 Qd4 14. Nd6+ Kd8
15. Bxb4 Qxb4+ 16. c3 Qb6 17. Nxf7+ Ke7 18. Nxh8 Ng4 19. Qd2 Qe3+ 20. Qxe3 Nxe3
21. Kd2 Nd5 22. Bd3 Bb7 23. Ng6+ hxg6 24. Bxg6 c5 25. Be4 a5 26. c4 Nb4 27.
Bxb7 Rxb7 28. Rhd1 Nc6 29. Ke3 Nb4 30. Rd2 Nc6 31. Rad1 Nd8 32. Rd6 Nc6 33. g4
Ra7 34. Ke4 Nd8 35. h3 Nf7 36. R6d2 a4 37. h4 axb3 38. axb3 Nh6 39. Rg2 Rb7 40.
Rg3 g6 41. Rh1 Rb8 42. h5 Rg8 43. Rhh3 Kf7 44. hxg6+ Kxg6 45. f5+ Kg7 46. f6+
Kg6 47. Rh4 Nf7 48. Kf4 Ng5 49. Rh5 Nf7 50. Rgh3 Rf8 51. Rh7 Rg8 52. g5 Nxg5
53. R3h6# 1-0

[Event "DEM U10 2005"]
[Site "Willingen GER"]
[Date "2005.05.19"]
[Round "8"]
[White "Noe, Christopher"]
[Black "Grewenig, Jan"]
[Result "1-0"]
[Termination "normal"]
[Board "3"]
[WhiteElo "1509"]
[BlackElo "1214"]
[PlyCount "75"]
[WhiteFideId "24692018"]
[BlackFideId "4657330"]
[EventCountry "GER"]
[EventRounds "11"]
[EventType "swiss"]
[EventDate "2005.05.15"]

1. d4 d5 2. c4 Nf6 3. cxd5 Nxd5 4. Nf3 Nc6 5. h3 h6 6. e4 Nf6 7. Nc3 e6 8. a3
a6 9. Bf4 Bd7 10. Rc1 Rc8 11. Bd3 Be7 12. O-O O-O 13. Bb1 Nh5 14. Be3 f5 15.
Ne5 Nxe5 16. dxe5 Qe8 17. exf5 exf5 18. Qd5+ Kh8 19. Qxb7 f4 20. Bd4 f3 21. Qe4
Bf5 22. Qb7 fxg2 23. Rfe1 Bxh3 24. Qe4 Bf5 25. Qxg2 Nf4 26. Qg3 Rd8 27. Be3 Nd3
28. Bxd3 Bxd3 29. Red1 Rf5 30. Qg4 Rxe5 31. Bf4 Ra5 32. b4 Rxa3 33. Bxc7 Rc8
34. Be5 Bg6 35. Nd5 Rxc1 36. Rxc1 Kh7 37. Rc7 Bf8 38. Nf6+ 1-0

[Event "DEM U10 2005"]
[Site "Willingen GER"]
[Date "2005.05.19"]
[Round "8"]
[White "Schreiner, Till"]
[Black "Göbel, Constantin"]
[Result "1/2-1/2"]
[Termination "normal"]
[Board "4"]
[WhiteElo "1204"]
[BlackElo "1261"]
[PlyCount "130"]
[WhiteFideId "24675555"]
[BlackFideId "24647071"]
[EventCountry "GER"]
[EventRounds "11"]
[EventType "swiss"]
[EventDate "2005.05.15"]

1. e4 e6 2. d4 d5 3. Nd2 Nf6 4. e5 Nfd7 5. f4 c5 6. c3 Nc6 7. Ndf3 Qb6 8. h4
cxd4 9. cxd4 Bb4+ 10. Kf2 f6 11. Kg3 fxe5 12. fxe5 Nf8 13. Bd3 Bd7 14. Ne2
O-O-O 15. Bd2 Be7 16. Rc1 Kb8 17. a3 Rc8 18. b4 Nd8 19. Rxc8+ Kxc8 20. Qc2+ Kb8
21. Rc1 Qc6 22. Qb3 Qa4 23. Qc3 Qc6 24. Qb3 Qb6 25. Qc3 a6 26. Bg5 Bxg5 27.
Nxg5 h6 28. Nf3 Nc6 29. Nd2 Rg8 30. h5 g6 31. hxg6 Nxg6 32. Bxg6 Rxg6+ 33. Kh2
Qd8 34. Nb3 Qh4+ 35. Qh3 Qf2 36. Qf3 Qxf3 37. gxf3 Ne7 38. Nc5 Bb5 39. Nf4 Rg8
40. Ncxe6 Bc4 41. Nc5 Kc8 42. Ne4 Kb8 43. Nd6 Ba2 44. Ne6 Nc6 45. Nc5 Nxd4 46.
Rf1 Bc4 47. Nxc4 dxc4 48. f4 Nb5 49. a4 Nc7 50. f5 b6 51. Nd7+ Kb7 52. f6 Ne6
53. f7 Rd8 54. f8=Q Nxf8 55. Nxf8 Re8 56. e6 Kc6 57. Kg3 Kd6 58. Nd7 Rxe6 59.
Nxb6 Rg6+ 60. Kh4 c3 61. Rc1 Ke5 62. a5 Kd4 63. Rd1+ Ke4 64. Nc4 Rc6 65. Na3
Rc8 1/2-1/2

[Event "DEM U10 2005"]
[Site "Willingen GER"]
[Date "2005.05.19"]
[Round "8"]
[White "Marquardt, Patrick"]
[Black "Davydov, Ruven"]
[Result "1/2-1/2"]
[Termination "normal"]
[Board "5"]
[WhiteElo "1459"]
[BlackElo "1250"]
[PlyCount "62"]
[WhiteFideId "4670086"]
[BlackFideId "24666068"]
[EventCountry "GER"]
[EventRounds "11"]
[EventType "swiss"]
[EventDate "2005.05.15"]

1. e4 c5 2. Nf3 e6 3. d4 cxd4 4. Nxd4 Qb6 5. Nc3 Bc5 6. Na4 Qc7 7. Nxc5 Qxc5 8.
c3 Nc6 9. Nxc6 Qxc6 10. Qg4 g6 11. f3 Ne7 12. Be3 d6 13. Qg5 Bd7 14. Be2 Qc7
15. O-O Bc6 16. Bd4 e5 17. Bf2 O-O-O 18. Qe3 b6 19. b4 f5 20. a4 f4 21. Qd2 h5
22. a5 Kd7 23. axb6 axb6 24. Ra6 Rb8 25. Rd1 g5 26. c4 h4 27. c5 bxc5 28. bxc5
Nc8 29. cxd6 Nxd6 30. Ra7 Rb7 31. Rxb7 Bxb7 1/2-1/2

[Event "DEM U10 2005"]
[Site "Willingen GER"]
[Date "2005.05.19"]
[Round "8"]
[White "Klek, Hanna-Marie"]
[Black "Strohmann, Marcel"]
[Result "1-0"]
[Termination "normal"]
[Board "6"]
[WhiteElo "1340"]
[BlackElo "1140"]
[PlyCount "89"]
[WhiteFideId "24670057"]
[EventCountry "GER"]
[EventRounds "11"]
[EventType "swiss"]
[EventDate "2005.05.15"]

1. e4 Nf6 2. e5 Nd5 3. d4 d6 4. exd6 exd6 5. Bc4 Nb6 6. Bb3 Be7 7. Nf3 O-O 8.
O-O Nc6 9. Bf4 Bg4 10. c3 Na5 11. Bc2 Nd5 12. Qd3 f5 13. Bg3 c6 14. h3 Bxf3 15.
Qxf3 Qb6 16. b3 Rae8 17. Nd2 Qa6 18. c4 Nb4 19. Bb1 c5 20. a3 Nbc6 21. Bxd6
Nxd4 22. Qd5+ Kh8 23. Bxe7 Rxe7 24. Qxc5 Nac6 25. b4 b5 26. cxb5 Qxb5 27. Qxb5
Nxb5 28. Bd3 Nbd4 29. Rfe1 Rd7 30. b5 Na5 31. Re3 Nxb5 32. Bxb5 Rxd2 33. Re7
Rd5 34. a4 Ra8 35. Rae1 Rdd8 36. R1e6 Rdb8 37. Ra6 Rb7 38. Rxb7 Nxb7 39. Bc6
Nc5 40. Ra5 Nb3 41. Rb5 Rc8 42. Bd7 Rd8 43. Rxb3 Rxd7 44. Rb8+ Rd8 45. Rxd8#
1-0

[Event "DEM U10 2005"]
[Site "Willingen GER"]
[Date "2005.05.19"]
[Round "8"]
[White "Müller, Alexander"]
[Black "Kuhn, Jan"]
[Result "0-1"]
[Termination "normal"]
[Board "7"]
[WhiteElo "1336"]
[BlackElo "1164"]
[PlyCount "94"]
[WhiteFideId "4624696"]
[EventCountry "GER"]
[EventRounds "11"]
[EventType "swiss"]
[EventDate "2005.05.15"]

1. e4 e6 2. d4 d5 3. Nc3 Nf6 4. e5 Nfd7 5. Be3 c5 6. Nf3 Nc6 7. Ne2 Qb6 8. Rb1
cxd4 9. Bxd4 Nxd4 10. Qxd4 Bc5 11. Qc3 Bb4 12. a3 Bxc3+ 13. Nxc3 O-O 14. Be2 a6
15. O-O Qc7 16. Rfe1 b5 17. Bd3 Bb7 18. Ng5 h6 19. Bh7+ Kh8 20. Re3 d4 21. Rh3
Qc6 22. Be4 Qc7 23. Bxb7 Qxb7 24. Ne2 Kg8 25. Nf3 f6 26. exf6 Rxf6 27. Nexd4
Rc8 28. c3 e5 29. Ne2 Qa7 30. Rd1 Nc5 31. Ng3 e4 32. Nd4 Rd8 33. Nge2 Ne6 34.
Re3 Nxd4 35. Nxd4 Qb7 36. Kf1 Rdf8 37. Rd2 Qf7 38. Ree2 e3 39. Rc2 Rxf2+ 40.
Rxf2 exf2 41. Nf3 Qc4+ 42. Kxf2 g5 43. h3 h5 44. Kg1 g4 45. hxg4 hxg4 46. Nh2
Qd3 47. Rf2 Qe3 0-1

[Event "DEM U10 2005"]
[Site "Willingen GER"]
[Date "2005.05.19"]
[Round "8"]
[White "Zier, Oliver"]
[Black "Kyas, Philipp"]
[Result "1-0"]
[Termination "normal"]
[Board "8"]
[WhiteElo "1563"]
[BlackElo "1273"]
[PlyCount "123"]
[WhiteFideId "24631906"]
[BlackFideId "24670936"]
[EventCountry "GER"]
[EventRounds "11"]
[EventType "swiss"]
[EventDate "2005.05.15"]

1. d4 d5 2. c4 Nc6 3. cxd5 Qxd5 4. e3 e5 5. Nc3 Bb4 6. Bd2 Bxc3 7. bxc3 exd4 8.
cxd4 Be6 9. Nf3 O-O-O 10. Qc2 Bf5 11. Qb2 h6 12. Qb5 Nf6 13. Rc1 Rhe8 14. Rc5
Qd7 15. Rxf5 a6 16. Qd3 Ne4 17. Rf4 f5 18. Rh4 g5 19. Rxh6 Qg7 20. Rxc6 bxc6
21. Qxa6+ Kb8 22. Qxc6 Nd6 23. Qc5 Nf7 24. Qb5+ Ka8 25. Qxf5 g4 26. Qa5+ Kb8
27. Qb5+ Kc8 28. Qc6 Nd6 29. Ne5 Kb8 30. Qa6 Rxe5 31. dxe5 Qxe5 32. Qa5 Qa1+
33. Ke2 Kc8 34. Qa8+ Kd7 35. Qa4+ Ke7 36. Qxg4 Qxa2 37. Qg7+ Nf7 38. Qc3 Qa6+
39. Ke1 Qd6 40. Qb4 c5 41. Qe4+ Kf8 42. Qc2 Ne5 43. f4 Nc6 44. g3 Nb4 45. Bxb4
cxb4 46. Bc4 Qc5 47. Qe2 Re8 48. Kf2 Re4 49. Bd3 Re6 50. Ra1 Qc3 51. Rh1 Rd6
52. Rd1 b3 53. Bb1 Re6 54. Rd3 Qb4 55. Qd2 Qb5 56. Qc3 Rb6 57. Rd2 Rc6 58. Qd3
Qa4 59. Rb2 Ra6 60. Qxb3 Qd7 61. Qb8+ Ke7 62. Rb7 1-0

[Event "DEM U10 2005"]
[Site "Willingen GER"]
[Date "2005.05.19"]
[Round "8"]
[White "Neumair, Jerome"]
[Black "Pfeiffer, Daniel"]
[Result "1-0"]
[Termination "normal"]
[Board "9"]
[WhiteElo "1162"]
[BlackElo "1428"]
[PlyCount "93"]
[WhiteFideId "24672637"]
[BlackFideId "24641960"]
[EventCountry "GER"]
[EventRounds "11"]
[EventType "swiss"]
[EventDate "2005.05.15"]

1. e4 c5 2. Nf3 d6 3. d4 cxd4 4. Nxd4 Nf6 5. Nc3 a6 6. Bg5 e6 7. f4 Qc7 8. Qf3
Be7 9. Bd3 Nbd7 10. O-O-O b5 11. Rhe1 Bb7 12. Nd5 Nxd5 13. exd5 Bxd5 14. Be4
Nb6 15. Bxe7 Qxe7 16. Nc6 Bxe4 17. Rxe4 Qc7 18. Nd4 O-O 19. Qg3 Rac8 20. c3 b4
21. Ne2 d5 22. Rxb4 Qc5 23. Rbd4 Nc4 24. f5 Qb5 25. b3 Na3 26. f6 g6 27. R1d2
Rc4 28. Qh4 h5 29. Qf4 Kh7 30. g4 Rg8 31. gxh5 gxh5 32. Qf3 Rg6 33. Qxh5+ Kg8
34. Kb2 Rxd4 35. Nxd4 Nc4+ 36. Kc1 Qa5 37. bxc4 Qxc3+ 38. Nc2 Qxc4 39. Qf3 Rg1+
40. Rd1 Rxd1+ 41. Kxd1 Qxa2 42. Qg4+ Kf8 43. Qg7+ Ke8 44. Qg8+ Kd7 45. Qxf7+
Kd6 46. Qe7+ Ke5 47. f7 1-0

[Event "DEM U10 2005"]
[Site "Willingen GER"]
[Date "2005.05.19"]
[Round "8"]
[White "Schmitt, Katrin"]
[Black "Barzen, Pascal"]
[Result "1/2-1/2"]
[Termination "normal"]
[Board "10"]
[WhiteElo "1398"]
[BlackElo "1204"]
[PlyCount "62"]
[WhiteFideId "24654400"]
[BlackFideId "24653497"]
[EventCountry "GER"]
[EventRounds "11"]
[EventType "swiss"]
[EventDate "2005.05.15"]

1. e4 c6 2. d4 d5 3. Nc3 e6 4. Nf3 Nd7 5. Bd3 dxe4 6. Nxe4 Ngf6 7. Bf4 Nxe4 8.
Bxe4 Nf6 9. Bd3 Bd6 10. Qd2 Bxf4 11. Qxf4 O-O 12. c3 c5 13. O-O-O cxd4 14. Qxd4
Qxd4 15. Nxd4 Bd7 16. h3 Rac8 17. Kb1 a5 18. g4 a4 19. Bb5 Bxb5 20. Nxb5 Rc5
21. Nd4 Ne4 22. Rhf1 e5 23. Nc2 Rb5 24. Nb4 a3 25. Kc2 f6 26. b3 Rc8 27. Nd5
Kf7 28. c4 Rbc5 29. Kd3 Ng5 30. Rh1 Ne6 31. Ke3 Nd4 1/2-1/2

[Event "DEM U10 2005"]
[Site "Willingen GER"]
[Date "2005.05.19"]
[Round "8"]
[White "Düssler, Stefanie"]
[Black "Gisy, Roberto"]
[Result "1/2-1/2"]
[Termination "normal"]
[Board "11"]
[WhiteElo "1087"]
[BlackElo "1366"]
[PlyCount "115"]
[WhiteFideId "4634780"]
[EventCountry "GER"]
[EventRounds "11"]
[EventType "swiss"]
[EventDate "2005.05.15"]

1. e4 e5 2. Nf3 Nc6 3. Bc4 Nf6 4. d3 Be7 5. O-O d6 6. h3 Be6 7. Bxe6 fxe6 8.
Bg5 h6 9. Bxf6 Bxf6 10. Nc3 Qd7 11. Ne2 O-O-O 12. c3 Rdg8 13. b4 g5 14. Nh2 h5
15. g3 Qe7 16. a4 g4 17. h4 Bxh4 18. gxh4 Qxh4 19. Qe1 Qg5 20. f4 gxf3+ 21. Kf2
fxe2 22. Kxe2 Rf8 23. Nf3 Qe7 24. Kd1 h4 25. Ra2 h3 26. Rh2 Rfg8 27. Rfh1 Qf6
28. Rxh3 Rxh3 29. Rxh3 Qf4 30. Qe2 Qg4 31. Rh1 Rf8 32. Rf1 Ne7 33. Nh2 Qxe2+
34. Kxe2 Rxf1 35. Nxf1 Kd7 36. Kf3 d5 37. Ng3 a5 38. bxa5 Nc6 39. a6 bxa6 40.
Nh5 d4 41. c4 Kd6 42. Ng7 Nd8 43. Ne8+ Kc6 44. Kg4 Kb6 45. Kg5 c6 46. Kf6 Ka5
47. Kxe5 Kxa4 48. Kxd4 Kb3 49. Nc7 a5 50. Na6 a4 51. Nc5+ Kb4 52. Nxa4 Kxa4 53.
Kc5 Kb3 54. d4 Kc3 55. d5 cxd5 56. cxd5 e5 57. d6 Kd3 58. Kd5 1/2-1/2

[Event "DEM U10 2005"]
[Site "Willingen GER"]
[Date "2005.05.19"]
[Round "8"]
[White "Pauly, Carlo"]
[Black "Große, Christian"]
[Result "1/2-1/2"]
[Termination "normal"]
[Board "12"]
[WhiteElo "1111"]
[BlackElo "1347"]
[PlyCount "78"]
[WhiteFideId "24673269"]
[BlackFideId "24646156"]
[EventCountry "GER"]
[EventRounds "11"]
[EventType "swiss"]
[EventDate "2005.05.15"]

1. e4 c5 2. Nf3 d6 3. d4 cxd4 4. Nxd4 Nf6 5. Nc3 g6 6. f3 Bg7 7. Be3 O-O 8. Bc4
Nc6 9. Qd2 Bd7 10. O-O-O Ne5 11. Bb3 Rc8 12. h4 Nc4 13. Bxc4 Rxc4 14. g4 Qa5
15. Bg5 Nxg4 16. Nb3 Bxc3 17. Nxa5 Bxd2+ 18. Rxd2 Ra4 19. fxg4 Rxa5 20. Bxe7
Re8 21. Bxd6 Bxg4 22. Re1 Rxa2 23. Kb1 Ra4 24. e5 Ra6 25. b3 Bf5 26. Kb2 Rc6
27. c4 b6 28. Kc3 Kg7 29. Ra1 Ra8 30. Rda2 a5 31. Kd4 Be6 32. Be7 Rc7 33. Bf6+
Kf8 34. Rc1 Rac8 35. Rc3 h5 36. Rac2 Rc5 37. Rc1 R5c7 38. Bh8 Ke7 39. Bf6+ Ke8
1/2-1/2

[Event "DEM U10 2005"]
[Site "Willingen GER"]
[Date "2005.05.19"]
[Round "8"]
[White "Rührmund, Daniel"]
[Black "Babayev, Ramil"]
[Result "0-1"]
[Termination "normal"]
[Board "13"]
[WhiteElo "1201"]
[BlackElo "1533"]
[PlyCount "136"]
[WhiteFideId "24674583"]
[BlackFideId "24664243"]
[EventCountry "GER"]
[EventRounds "11"]
[EventType "swiss"]
[EventDate "2005.05.15"]

1. e4 c5 2. Nf3 e6 3. d4 cxd4 4. Nxd4 a6 5. Nc3 Qc7 6. Bd3 Nf6 7. O-O Be7 8.
Qe2 d6 9. Be3 O-O 10. Qf3 Nc6 11. Nxc6 Qxc6 12. Qg3 Kh8 13. f4 b5 14. Qh4 Bb7
15. Qh3 e5 16. a3 Rae8 17. f5 Qd7 18. Rf3 d5 19. exd5 Bxd5 20. Nxd5 Qxd5 21.
Rf2 Bc5 22. Rd2 Rd8 23. Rad1 Bxe3+ 24. Qxe3 Qd4 25. Qxd4 Rxd4 26. Be2 Rxd2 27.
Rxd2 h6 28. h4 Rc8 29. g4 Kh7 30. g5 hxg5 31. hxg5 Ne4 32. Rd1 Nxg5 33. c3 Nh3+
34. Kh2 Nf4 35. Bg4 Rc6 36. Kg3 f6 37. Kf3 Kg8 38. Rd8+ Kf7 39. Rd7+ Kf8 40.
Rd8+ Ke7 41. Rd2 Rd6 42. Rxd6 Kxd6 43. Ke4 Kc5 44. b3 a5 45. Bd1 Nd5 46. Be2
Nxc3+ 47. Kd3 Nxe2 48. Kxe2 Kd4 49. Kd2 Ke4 50. b4 axb4 51. axb4 Kxf5 52. Ke2
Ke4 53. Kf1 Kd3 54. Ke1 e4 55. Kd1 e3 56. Ke1 e2 57. Kf2 Kd2 58. Kf3 e1=Q 59.
Kf4 Qe3+ 60. Kf5 Qg5+ 61. Ke4 f5+ 62. Ke5 f4+ 63. Ke4 Kc3 64. Kf3 Kd3 65. Kf2
Qg4 66. Kf1 Qe2+ 67. Kg1 f3 68. Kh1 Qg2# 0-1

[Event "DEM U10 2005"]
[Site "Willingen GER"]
[Date "2005.05.19"]
[Round "8"]
[White "Möhn, Hans"]
[Black "Tran, Duc Cuong"]
[Result "0-1"]
[Termination "normal"]
[Board "14"]
[WhiteElo "1161"]
[BlackElo "1395"]
[PlyCount "116"]
[WhiteFideId "24647837"]
[BlackFideId "24689718"]
[EventCountry "GER"]
[EventRounds "11"]
[EventType "swiss"]
[EventDate "2005.05.15"]

1. e4 c5 2. Nf3 Nc6 3. d4 cxd4 4. Nxd4 e5 5. Nb5 d6 6. N1c3 a6 7. Na3 b5 8. Nd5
Nge7 9. c4 Nxd5 10. cxd5 Ne7 11. Be3 Ng6 12. Be2 Be7 13. O-O O-O 14. Rc1 Bd7
15. Qb3 Bg5 16. Rc2 f5 17. f3 fxe4 18. fxe4 Rxf1+ 19. Bxf1 Nf4 20. g3 Nh3+ 21.
Bxh3 Bxh3 22. Bf2 Qf6 23. Qd3 Rf8 24. Nb1 h5 25. Nc3 h4 26. a4 b4 27. Na2 a5
28. Nc1 Bxc1 29. b3 Bh6 30. Ra2 Qf3 31. Qxf3 Rxf3 32. Rb2 Be3 33. gxh4 Kh7 34.
Rc2 Kg6 35. Rb2 Kh5 36. Rc2 Bxf2+ 37. Rxf2 Kg4 38. Rxf3 Kxf3 39. h5 Kxe4 40.
Kf2 Kxd5 41. Kg3 Bf5 42. Kf2 Kd4 43. Ke2 Kc3 44. h6 gxh6 45. Kd1 Kxb3 46. Kc1
e4 47. h4 Ka2 48. Kc2 b3+ 49. Kc3 b2 50. Kd4 b1=Q 51. Kd5 Qd3+ 52. Kc6 e3 53.
h5 e2 54. Kc7 e1=Q 55. Kc6 Qc1+ 56. Kb6 Qc5+ 57. Kb7 Qb3+ 58. Ka8 Be4# 0-1

[Event "DEM U10 2005"]
[Site "Willingen GER"]
[Date "2005.05.19"]
[Round "8"]
[White "Rozenfeld, Elisabeth"]
[Black "Kühnel, Lena"]
[Result "1-0"]
[Termination "normal"]
[Board "15"]
[WhiteElo "1383"]
[BlackElo "1124"]
[PlyCount "123"]
[WhiteFideId "4624742"]
[BlackFideId "24640956"]
[EventCountry "GER"]
[EventRounds "11"]
[EventType "swiss"]
[EventDate "2005.05.15"]

1. e4 e5 2. d4 exd4 3. Qxd4 Nc6 4. Qe3 Nf6 5. Bd2 Be7 6. Nc3 d5 7. exd5 Nxd5 8.
Nxd5 Qxd5 9. Nf3 Bg4 10. Be2 O-O-O 11. h3 Bf5 12. O-O Bxc2 13. Rfc1 Be4 14. Bc4
Bc5 15. Bxd5 Bxe3 16. Bxc6 Bxf3 17. Bxb7+ Bxb7 18. Bxe3 Kb8 19. Bf4 Rd7 20. Rc3
Re8 21. Rac1 Ree7 22. Kh2 f6 23. Ra3 Re2 24. Be3 a6 25. Rb3 g5 26. Rc6 Rd6 27.
Rc5 Rd1 28. Rf5 Rd6 29. Bxg5 fxg5 30. Rf8+ Ka7 31. Rf7 Rc6 32. Rxh7 Rxf2 33.
Rg7 Rxg2+ 34. Kxg2 Rg6+ 35. Rxb7+ Kxb7 36. Rxg6 c6 37. Rxg5 Kc7 38. h4 Kd6 39.
Kf3 Ke6 40. Kf4 Kf6 41. h5 a5 42. Rg6+ Kf7 43. Rxc6 Kg7 44. h6+ Kh7 45. Ra6 Kh8
46. Rxa5 Kh7 47. b4 Kxh6 48. Kg4 Kg6 49. Ra6+ Kf7 50. Kg5 Ke7 51. Kf5 Kd7 52.
Rh6 Ke7 53. a3 Kd7 54. Ke5 Kc7 55. Kd5 Kb7 56. Kc5 Ka7 57. Kb5 Kb8 58. Kc6 Ka8
59. Rh7 Kb8 60. a4 Ka8 61. Kb6 Kb8 62. Rh8# 1-0

[Event "DEM U10 2005"]
[Site "Willingen GER"]
[Date "2005.05.19"]
[Round "8"]
[White "Gheng, Michael Dan"]
[Black "Winterholler, Christina"]
[Result "0-1"]
[Termination "normal"]
[Board "16"]
[WhiteElo "1368"]
[BlackElo "1200"]
[PlyCount "140"]
[BlackFideId "24652105"]
[EventCountry "GER"]
[EventRounds "11"]
[EventType "swiss"]
[EventDate "2005.05.15"]

1. f3 e5 2. e4 Nf6 3. Ne2 Bc5 4. Nbc3 Nc6 5. b3 O-O 6. Bb2 d6 7. Ng3 Be6 8.
Nce2 Re8 9. Nc1 Ne7 10. c3 Ng6 11. Qc2 Bb6 12. Nd3 Qd7 13. O-O-O c6 14. h4 d5
15. h5 Ne7 16. h6 Ng6 17. hxg7 Kxg7 18. Nh5+ Nxh5 19. Rxh5 Qd6 20. exd5 cxd5
21. c4 d4 22. c5 Bxc5 23. Nxc5 Rac8 24. Kb1 Qxc5 25. Qxc5 Rxc5 26. Bxd4 Ra5 27.
Re1 Bd7 28. Bc3 Rc5 29. b4 Rd5 30. Bc4 Rd6 31. Rhxe5 Nxe5 32. Bxe5+ Kg8 33.
Bxd6 Rxe1+ 34. Kc2 Be6 35. Bg3 Rg1 36. Bxe6 fxe6 37. Bf2 Rxg2 38. Bxa7 h5 39.
a4 h4 40. a5 h3 41. Bb8 h2 42. Bxh2 Rxh2 43. Kc3 Rh6 44. Kd4 Rh7 45. Kc4 Rh5
46. f4 Kf7 47. b5 Ke7 48. Kb4 Kd6 49. Ka4 Rd5 50. a6 bxa6 51. bxa6 Kc6 52. Kb4
Kb6 53. Kc4 Rf5 54. Kd3 Rxf4 55. Ke3 Rh4 56. Kd3 Kxa6 57. Kc3 Kb6 58. Kd3 Kc6
59. Ke3 Kd5 60. Kf3 Rd4 61. Kg3 e5 62. Kh3 Rf4 63. Kg3 Rf8 64. Kh3 e4 65. Kh2
e3 66. Kh3 e2 67. Kh2 e1=Q 68. Kh3 Rg8 69. Kh2 Qg3+ 70. Kh1 Qg2# 0-1

[Event "DEM U10 2005"]
[Site "Willingen GER"]
[Date "2005.05.19"]
[Round "8"]
[White "Pältz, Sebastian"]
[Black "Sarchisov, Slavik"]
[Result "0-1"]
[Termination "normal"]
[Board "17"]
[WhiteElo "1196"]
[BlackElo "1337"]
[PlyCount "106"]
[WhiteFideId "24648027"]
[BlackFideId "24647888"]
[EventCountry "GER"]
[EventRounds "11"]
[EventType "swiss"]
[EventDate "2005.05.15"]

1. e4 e5 2. Nf3 Nc6 3. Bb5 a6 4. Ba4 Nf6 5. O-O Be7 6. c3 O-O 7. Re1 b5 8. Bb3
d5 9. exd5 Nxd5 10. Nxe5 Nxe5 11. Rxe5 Nf6 12. Qe2 Bd6 13. Bd5 Rb8 14. Bb3 Bxe5
15. d4 Bd6 16. Bg5 Bf5 17. Nd2 Re8 18. Qf3 Bg6 19. h4 h6 20. h5 Bxh5 21. Bxf6
Bxf3 22. Bxd8 Rbxd8 23. Nxf3 Re7 24. Bc2 Rde8 25. Rc1 g5 26. Kf1 Bf4 27. Re1
Rxe1+ 28. Nxe1 Kg7 29. Nd3 Bd6 30. a4 c6 31. axb5 axb5 32. Bb3 Re7 33. Ne1 g4
34. Nc2 f5 35. Ne3 Kf6 36. d5 c5 37. Bc2 Re5 38. b3 h5 39. g3 Bf8 40. Nxf5 Rxf5
41. Bxf5 Kxf5 42. Ke2 Ke5 43. Kd2 Kxd5 44. Kd3 c4+ 45. bxc4+ bxc4+ 46. Kd2 Ke4
47. Ke2 Bg7 48. Kd2 Kf3 49. Ke1 Bxc3+ 50. Kf1 Bd2 51. Kg1 c3 52. Kh1 c2 53. Kh2
Bg5 0-1

[Event "DEM U10 2005"]
[Site "Willingen GER"]
[Date "2005.05.19"]
[Round "8"]
[White "Lebeda, Timo"]
[Black "Gitter, Lucas"]
[Result "1/2-1/2"]
[Termination "normal"]
[Board "18"]
[WhiteElo "1315"]
[BlackElo "1187"]
[PlyCount "74"]
[WhiteFideId "4638565"]
[BlackFideId "24667587"]
[EventCountry "GER"]
[EventRounds "11"]
[EventType "swiss"]
[EventDate "2005.05.15"]

1. e4 e5 2. Nf3 Nf6 3. Nc3 Nc6 4. Bc4 Bc5 5. d3 d6 6. Bg5 h6 7. Bh4 g5 8. Bg3
Bg4 9. h3 Bh5 10. h4 Rg8 11. hxg5 hxg5 12. Qd2 Bxf3 13. gxf3 Nd4 14. Qd1 Qe7
15. Nd5 Nxd5 16. Bxd5 c6 17. Bc4 Qf6 18. f4 gxf4 19. Bh4 Qg7 20. c3 Qg1+ 21.
Rxg1 Rxg1+ 22. Kd2 Rxd1+ 23. Kxd1 Ne6 24. Ke2 Kd7 25. b4 Bb6 26. Rg1 Rh8 27.
Bf6 Rh6 28. Bg7 Rg6 29. Rxg6 fxg6 30. Bf6 a5 31. b5 Nc5 32. bxc6+ bxc6 33. f3
Ke8 34. d4 Nd7 35. Bg7 c5 36. dxe5 dxe5 37. Bb5 Bc7 1/2-1/2

[Event "DEM U10 2005"]
[Site "Willingen GER"]
[Date "2005.05.19"]
[Round "8"]
[White "Collmer, Dominik"]
[Black "Schröder, Björn"]
[Result "0-1"]
[Termination "normal"]
[Board "19"]
[WhiteElo "1216"]
[BlackElo "1035"]
[PlyCount "80"]
[WhiteFideId "4620763"]
[EventCountry "GER"]
[EventRounds "11"]
[EventType "swiss"]
[EventDate "2005.05.15"]

1. e4 e5 2. Nf3 Nc6 3. Bb5 d6 4. d3 Be7 5. Be3 Nf6 6. h3 O-O 7. Nc3 a6 8. Ba4
b5 9. Bb3 Be6 10. Bxe6 fxe6 11. Ng5 Qd7 12. Qd2 Rac8 13. O-O d5 14. exd5 exd5
15. d4 exd4 16. Bxd4 Nxd4 17. Qxd4 c5 18. Qd2 Ne8 19. Nf3 Nc7 20. Rad1 d4 21.
Ne2 Rce8 22. c3 Qe6 23. cxd4 cxd4 24. Nexd4 Qd6 25. Rc1 Ne6 26. Nxe6 Qxe6 27.
b3 Rd8 28. Qe1 Qxe1 29. Rfxe1 Bf6 30. Rc6 Ra8 31. Ree6 a5 32. Ra6 Bc3 33. Rxa8
Rxa8 34. Rb6 b4 35. Ng5 Rf8 36. f3 Bd4+ 37. Kh2 Bxb6 38. Ne6 Re8 39. Nf4 Bc7
40. Kg3 Rf8 0-1

[Event "DEM U10 2005"]
[Site "Willingen GER"]
[Date "2005.05.19"]
[Round "8"]
[White "Grzeca, Pascal"]
[Black "Gering, Samuel"]
[Result "0-1"]
[Termination "normal"]
[Board "20"]
[WhiteElo "1142"]
[BlackElo "1215"]
[PlyCount "94"]
[WhiteFideId "24600741"]
[BlackFideId "24604526"]
[EventCountry "GER"]
[EventRounds "11"]
[EventType "swiss"]
[EventDate "2005.05.15"]

1. e4 c6 2. d4 d5 3. e5 Bf5 4. Nf3 e6 5. Be2 Nd7 6. O-O c5 7. Be3 Rc8 8. c3 Ne7
9. Na3 Ng6 10. Rc1 a6 11. Rb1 Bxb1 12. Qxb1 Be7 13. Kh1 O-O 14. Bd3 cxd4 15.
cxd4 b5 16. g3 Re8 17. h4 Ngf8 18. Kg2 f6 19. Rh1 fxe5 20. dxe5 Qc7 21. Bd4 Bc5
22. Bc3 b4 23. Bxa6 Ra8 24. Nb5 Qb6 25. Bd2 Rxa6 26. Nd6 Bxd6 27. exd6 Qxd6 28.
h5 e5 29. Qc1 Rxa2 30. h6 g6 31. Be1 Raa8 32. Qd1 Rec8 33. Bxb4 Qc6 34. Ng5 d4+
35. Kh2 Ne6 36. Nh3 e4 37. Nf4 d3 38. Bc3 Nxf4 39. gxf4 Rab8 40. f5 Qd6+ 41.
Kg2 Ne5 42. Bxe5 Qxe5 43. fxg6 hxg6 44. h7+ Kg7 45. Qa4 Rc7 46. Qb4 Qg5+ 47.
Kf1 Rc1+ 0-1